000 00788nam a2200229 a 4500
001 53612
003 BD-RjUL
005 20211209080006.0
008 161018s2002 ii ||||| |||| 00| 0 ben d
020 _c: IRs 60.00
035 _a(BD-RjUL)53734
040 _aBD-RjUL
_bben
_cBD-RjUL
041 _aben
082 _223
_a398.09
_bMAK 2002
100 _aমৈত্র, অলোক
_9160221
245 1 0 _aক্ষীয়মাণ মৃত্তিকার রস /
_cঅলোক মৈত্র
260 _aকলকাতা :
_bপুস্তক বিপণি,
_c২০০২
300 _a১২৪ পৃ. ;
_c২১ সেমি.
650 _aফোকলোর
_xইতিহাস
_9120361
650 _aFolklore
_xHistory
_9160222
942 _2ddc
_cBK
999 _c53612
_d53612